Normal view
MARC view
- اللغة العربية-اللغة
Entry Topical Term
001 - CONTROL NUMBER
- control field: 24418
003 - CONTROL NUMBER IDENTIFIER
- control field: JO-AjAnu
005 - DATE AND TIME OF LATEST TRANSACTION
- control field: 20230606074203.0
008 - FIXED-LENGTH DATA ELEMENTS
- fixed length control field: 230606|| aca||aabn | a|a d
040 ## - CATALOGING SOURCE
- Original cataloging agency: JO-AjAnu
- Transcribing agency: JO-AjAnu
150 ## - HEADING--TOPICAL TERM
- Topical term or geographic name entry element: اللغة العربية-اللغة
670 ## - SOURCE DATA FOUND
- Source citation: Work cat.: (JO-AjAnu)12555: تاليف زايد ،فهد خليل, author 24417, اللغة العربية منهجية وظيفية: مع أسئلة وتمارين للمناقشة